Formula 1 champions by year - Click Quiz - Statistics

General Stats
  • This quiz has been taken 222 times
  • The average score is 48 of 73
Answer Stats
Hint Answer % Correct
2022 Max Verstappen
100%
2019 Lewis Hamilton
98%
2018 Lewis Hamilton
98%
2020 Lewis Hamilton
97%
2017 Lewis Hamilton
96%
2021 Max Verstappen
94%
2014 Lewis Hamilton
92%
2015 Lewis Hamilton
91%
2003 Michael Schumacher
87%
2002 Michael Schumacher
86%
2001 Michael Schumacher
86%
2006 Fernando Alonso
85%
2005 Fernando Alonso
85%
2000 Michael Schumacher
85%
2016 Nico Rosberg
85%
2012 Sebastian Vettel
85%
2011 Sebastian Vettel
85%
2010 Sebastian Vettel
85%
2004 Michael Schumacher
84%
2009 Jenson Button
82%
2007 Kimi Räikkönen
82%
2008 Lewis Hamilton
82%
2013 Sebastian Vettel
82%
1998 Mika Häkkinen
79%
1999 Mika Häkkinen
78%
1995 Michael Schumacher
73%
1994 Michael Schumacher
72%
1996 Damon Hill
69%
1997 Jacques Villeneuve
69%
1993 Alain Prost
67%
1990 Ayrton Senna
66%
1986 Alain Prost
65%
1989 Alain Prost
64%
1991 Ayrton Senna
64%
1992 Nigel Mansell
63%
1988 Ayrton Senna
58%
1950 Giuseppe Farina
58%
1985 Alain Prost
57%
1955 Juan Manuel Fangio
56%
1982 Keke Rosberg
56%
1975 Niki Lauda
56%
1951 Juan Manuel Fangio
55%
1983 Nelson Piquet
55%
1984 Niki Lauda
55%
1976 James Hunt
54%
1954 Juan Manuel Fangio
54%
1987 Nelson Piquet
54%
1977 Niki Lauda
54%
1980 Alan Jones
53%
1952 Alberto Ascari
53%
1973 Jackie Stewart
53%
1957 Juan Manuel Fangio
53%
1956 Juan Manuel Fangio
53%
1981 Nelson Piquet
53%
1971 Jackie Stewart
52%
1979 Jody Scheckter
52%
1972 Emerson Fittipaldi
51%
1969 Jackie Stewart
51%
1978 Mario Andretti
51%
1953 Alberto Ascari
50%
1970 Jochen Rindt
49%
1974 Emerson Fittipaldi
48%
1959 Jack Brabham
47%
1965 Jim Clark
47%
1963 Jim Clark
47%
1958 Mike Hawthorn
47%
1960 Jack Brabham
46%
1966 Jack Brabham
44%
1961 Phil Hill
43%
1967 Denny Hulme
42%
1962 Graham Hill
40%
1964 John Surtees
40%
1968 Graham Hill
37%
No matching quizzes found
Score Distribution
Percent of People with Each Score
Percentile by Number Answered
Your Score History
You have not taken this quiz